000 00644nam a2200253Ia 4500
008 160321s9999||||xx |||||||||||||| ||und||
040 _cEnglish
082 _aXI.A/Majumdar
082 _bBORI-33110
100 _aR. C. Majumdar
245 3 _aAn Advanced History Of India
300 _a295
300 _cB
300 _eHardbound
530 _u00019714.pdf
563 _aStudy
600 _aR. C. Majumdar
630 _aAn Advanced History Of India
650 _a"Politics,History and Historiography"
650 _aGeneral Indology
700 _aR. C. Majumdar
730 _aAn Advanced History Of India
942 _cBOOK
999 _c1360931
_d1360928